Normal view
MARC view
Entry Personal Name
001 - CONTROL NUMBER
- control field: 676804
003 - CONTROL NUMBER IDENTIFIER
- control field: OSt
005 - DATE AND TIME OF LATEST TRANSACTION
- control field: 20221006164205.0
008 - FIXED-LENGTH DATA ELEMENTS
- fixed length control field: 221006|| aca||aabn | a|a d
040 ## - CATALOGING SOURCE
- Original cataloging agency: OSt
- Transcribing agency: OSt
100 ## - HEADING--PERSONAL NAME
- Personal name: Anandam S. Au
670 ## - SOURCE DATA FOUND
- Source citation: Work cat.: (OSt)1116461: Anandam S. Au., The Nandnar Charitram of Gopal Krishna Bharati, 1982
